000 00283nam a2200109Ia 4500
008 200302s9999 xx 000 0 und d
100 _aCedric Pugh
245 _aSustainable Cities in Developing Countries
260 _bEarthscan Publications Ltd.
260 _c2005
300 _a237 P.,
999 _c2474
_d2474